000 00411nam a22001697a 4500
003 MACL
005 20160116164637.0
008 160116b xxu||||| |||| 00| 0 eng d
040 _cMACL
041 _aEnglish
082 _a320/DAT
100 _aDatta,Prabhat
_918063
245 _aUrban Governance and Development
260 _aKolkata
_bDas Gupta& Co.
_c2010
650 _aPolitisc
_933007
942 _2ddc
_cBK
999 _c52708
_d52708